000 00306nam a2200121Ia 4500
008 220216s9999 xx 000 0 und d
100 _aSebastian Cyriac
245 0 _aCentral nursery: Kappu thaikaludeyum kendram.2
260 _bRubber
_c2016
300 _a18-21
650 _aCentral nursery
942 _cJS
999 _c55265
_d55265